| 000 | 01061nam a22002657a 4500 | ||
|---|---|---|---|
| 005 | 2010101908158.0 | ||
| 008 | 101019t xxu||||| |||| 00| 0 hin d | ||
| 010 | _aHIN-94090 | ||
| 020 |
_c150.00 _a8188858919 |
||
| 035 | _aHN-66436 | ||
| 037 | _bDBAD / PUB | ||
| 040 |
_aDPL _bHN |
||
| 082 | _a821 | ||
| 100 |
_923632 _aशुक्ल,प्रेम शंकर |
||
| 245 |
_aझील एक नाव है / _cप्रेम शंकर शुक्ल |
||
| 260 |
_aबीकानेर _bसूर्य प्रकाशन मन्दिर _c2011 |
||
| 270 |
_aनेहरू मार्ग _bबीकानेर |
||
| 300 | 1 |
_a96पृ. _c22सेमी (सजिल्द) |
|
| 650 |
_9657 _aहिन्दी कविता |
||
| 650 | _934273 | ||
| 700 | _934278 | ||
| 710 | _934811 | ||
| 942 |
_2ddc _cHN _h821 _mशुक्लप्रे |
||
| 999 |
_c57039 _d57039 |
||